000 00513nam a2200181 a 4500
003 PILC
005 20150112093428.0
008 100712s19uu xx 00 eng d
020 _a9780072195101
050 _aTK 5103
_b.C329 2002
082 _aCSF 004.621
_bC24 2002
100 _aCarty, Glen
_94529
245 _aBroadband networking /
_cCarty, Glen
260 _aCalifornia :
_bMcGraw-Hill/Osborne,
_c2002.
300 _a461 pages :
_billustration ;
_c23 cm.
500 _aIncludes index.
942 _2lcc
_cBK
999 _c14238
_d14238